| 000 | nam a22 7a 4500 | ||
|---|---|---|---|
| 999 |
_c3149 _d3149 |
||
| 005 | 20170519153628.0 | ||
| 008 | 170519b1978 ny ||||| |||| 00| 0 eng d | ||
| 020 |
_a 0814454771 : _c$12.95 |
||
| 040 | _aAKMAL | ||
| 082 | _a658.4 BAT | ||
| 090 |
_a658.4 _bBAT |
||
| 100 | 1 |
_aBatten, Joe D _96505 |
|
| 245 | 1 | 0 |
_aTough-minded management / _cJoe D. Batten |
| 250 | _a3d ed. | ||
| 260 |
_aNew York : _b AMACOM, _cc1978 |
||
| 300 |
_a xiii, 224 p. : _bill. ; _c24 cm |
||
| 504 | _a Includes bibliographical references and index. | ||
| 650 | 0 |
_aIndustrial management. _92203 |
|
| 942 |
_2ddc _cBOOK |
||